000 00690nam a2200205Ia 4500
005 20250508153947.0
008 008 250505s9999 xx 000 0 eng d
037 _aTextual
040 _aFEDL
_beng
_cFEDL
041 _aeng
_2eng
084 _a379.111, UNI
_qFEDL
245 0 _aCasebook on campus planning and institutional development : Ten institutions, how they did it
245 0 _cU S Department of Health, Education and Welfare
260 _aWashington, USA
_bU.S. Government Printing Office
_c1962
300 _avi,162p
546 _aCircular No. 667
650 _aEducational planning
_9702217
942 _cTEXL
_h379.111, UNI
999 _c1346637
_d1346637